ბათუმის შოთა რუსთაველის სახელმწიფო უნივერსიტეტის ბიბლიოთეკა

ფინალობის პრობლემა ნიკოლაი ჰარტმანისა და მარტინ ჰაიდეგერის ონტოლოგიებში / (ბიბ.ჩანაწერი № 55182)

000 -ლიდერი
ფიქსირებული სიგრძის საკონტროლო ველი 01266nam a2200241Ia 4500
001 - საკონტროლო ნომერი
საკონტროლო ველი 22257
003 - საკონტროლო ნომრის იდენტიფიკატორი
საკონტროლო ველი GE_BSU
005 - ბოლო ოპერაციის თარიღი და დრო
საკონტროლო ველი 20220603125154.0
008 - ფიქსირებული სიგრძის მონაცემთა ელემენტები - ზოგადი ინფორმაცია
ფიქსირებული სიგრძის საკონტროლო ველი 181216s2016ge xx |||||||||||||| ||geo||
020 ## - წიგნის საერთაშორისო სტანდარტული ნომერი
International Standard Book Number 9789941081804
040 ## - კატალოგიზაციის წყარო
Transcribing agency GE_BSU
041 ## - ენის კოდი
Language code of text/sound track or separate title geo
080 ## - უნივერსალური ათობითი კლასიფიკაციის ინდექსი
Universal Decimal Classification number 141.157 +1(430) მ-30
100 ## - მთავარი ჩანაწერი - პიროვნების სახელი
Personal name მარგველაშვილი, გივი.
9 (RLIN) 13973
245 ## - ცნობა სათაურის შესახებ
Title ფინალობის პრობლემა ნიკოლაი ჰარტმანისა და მარტინ ჰაიდეგერის ონტოლოგიებში /
Statement of responsibility, etc გივი მარგველაშვილი, რედ. ნოდარ ნათაძე
264 ## - წარმოების, გამოცემის, დისტრიბუციის და სხვა ცნობები
გამოცემის, წარმოების, დისტრიბუციის... ადგილი თბილისი :
გამოცემის, წარმოების, დისტრიბუციის... სახელწოდება Carpe diem,
გამოცემის, წარმოების, დისტრიბუციის... თარიღი 2016.
300 ## - ფიზიკური აღწერა
Extent 244 გვ . ;
Dimensions 21 სმ.
653 ## - INDEX TERM--UNCONTROLLED
Uncontrolled term ფინალიზმი. გერმანული ფილოსოფია.
653 ## - INDEX TERM--UNCONTROLLED
Uncontrolled term ფინალობის პრობლემა ნიკოლაი ჰარტმანისა და მარტინ ჰაიდეგერის ონტოლოგიებში
653 ## - INDEX TERM--UNCONTROLLED
Uncontrolled term ფილოსოფია
700 ## - ADDED ENTRY--PERSONAL NAME
Personal name ნათაძე, ნოდარ
Relator term რედაქტორი
9 (RLIN) 3710
942 ## - ADDED ENTRY ELEMENTS (KOHA)
Koha item type წიგნი
Source of classification or shelving scheme
ეგზემპლარები
ჩამოწერის სტატუსი დაკარგული ეგზემპლარის სტატუსი კლასიფიკაციის წყარო ან თაროზე გაწყობის სქემა დაზიანების სტატუსი არ გაიცემა მუდმივი მდებარეობა (დაცვის ადგილი) ამჟამინდელი ადგილსამყოფელი თაროზე განთავსების ადგილი შეძენის თარიღი ღირებულება, შესყიდვის ნორმალური ფასი სრული შენახვის შიფრი შტრიხკოდი ბოლო ოპერაციის თარიღი ეგზემპლარის მიმდევრობითი ნომერი (კეტერი?) ფასის ძალაში შესვლის თარიღი ეგზემპლარის სახეობა საჯარო შენიშვნა
          ბათუმის შოთა რუსთაველის სახელმწიფო უნივერსიტეტის მთავარი ბიბლიოთეკა ბათუმის შოთა რუსთაველის სახელმწიფო უნივერსიტეტის მთავარი ბიბლიოთეკა წიგნსაცავი 2018-12-17 11.00 141.157 +1(430) მ-30 57349 2018-12-17 57349 2018-12-17 წიგნი 11.00
          ბათუმის შოთა რუსთაველის სახელმწიფო უნივერსიტეტის მთავარი ბიბლიოთეკა ბათუმის შოთა რუსთაველის სახელმწიფო უნივერსიტეტის მთავარი ბიბლიოთეკა წიგნსაცავი 2018-12-17 11.00 141.157 +1(430) მ-30 57350 2018-12-17 57350 2018-12-17 წიგნი 11.00
          ბათუმის შოთა რუსთაველის სახელმწიფო უნივერსიტეტის მთავარი ბიბლიოთეკა ბათუმის შოთა რუსთაველის სახელმწიფო უნივერსიტეტის მთავარი ბიბლიოთეკა წიგნსაცავი 2022-06-03 13.00 141.157 +1(430) მ-30 62556 2022-06-03 62556 2022-06-03 წიგნი 13.00
          ბათუმის შოთა რუსთაველის სახელმწიფო უნივერსიტეტის მთავარი ბიბლიოთეკა ბათუმის შოთა რუსთაველის სახელმწიფო უნივერსიტეტის მთავარი ბიბლიოთეკა წიგნსაცავი 2022-06-03 13.00 141.157 +1(430) მ-30 62555 2022-06-03 62555 2022-06-03 წიგნი 13.00